[Event "Malta ol (Men)"]
[Site "La Valetta"]
[Date "1980.??.??"]
[Round "?"]
[White "Lechtynsky, Jiri"]
[Black "Csom, Istvan"]
[Result "1/2-1/2"]
[WhiteElo "2450"]
[BlackElo "2510"]

1.e4 c5 2.Nf3 d6 3.Bb5+ Bd7 4.Bxd7+ Nxd7 5.O-O Ngf6 6.Qe2 e6 7.c3 Be7 8.d4 O-O
9.e5 Ne8 10.exd6 Nxd6 11.Rd1 cxd4 12.Nxd4 Qc8 13.Bf4 Re8 14.Bxd6 Bxd6 15.Nd2 a6
16.Ne4 Be7 17.Nf3 Qc7  1/2-1/2

[Event "Malta ol (Men)"]
[Site "La Valetta"]
[Date "1980.??.??"]
[Round "?"]
[White "Mortensen, Erling"]
[Black "Quendro, Llambi"]
[Result "1/2-1/2"]
[WhiteElo "2400"]
[BlackElo "2200"]

1.e4 c5 2.Nf3 d6 3.Bb5+ Nc6 4.O-O Bd7 5.Re1 Nf6 6.c3 e6 7.d4 cxd4 8.cxd4 Be7
9.Nc3 O-O 10.h3 a6 11.Bf1 b5 12.e5 Nd5 13.Nxd5 exd5 14.Bf4 Be6 15.Rc1 Rc8
16.a4 dxe5 17.dxe5 Qa5 18.axb5 axb5 19.Bd2 Qb6 20.Be3 Qb8 21.Kh1 Nxe5 22.Rxc8 Rxc8
23.Bf4 Nd3 24.Qxd3 Qxf4 25.Qxb5 Rb8 26.Qe2 Bd6 27.Rd1 g6 28.g3 Qf6 29.Rd2 Bb4
30.Rd3 Bc5 31.b3 d4 32.Nd2 Bf5 33.Rf3 d3 34.Qd1 Bb4 35.g4 Bxd2 36.gxf5 Qc6
37.fxg6 hxg6 38.Kg2 Qc2 39.Qa1 Qxb3 40.Bxd3 Qd5 41.Qa6  1/2-1/2

[Event "Malta ol (Women)"]
[Site "La Valetta"]
[Date "1980.??.??"]
[Round "?"]
[White "Evans, H."]
[Black "Nutu Gajic, Dana"]
[Result "0-1"]
[WhiteElo "2000"]
[BlackElo "2190"]

1.e4 c5 2.Nf3 d6 3.Bb5+ Bd7 4.Bxd7+ Qxd7 5.O-O Nc6 6.c3 Nf6 7.d4 cxd4 8.cxd4 Nxe4
9.d5 Ne5 10.Re1 Nf6 11.Bg5 g6 12.Bxf6 exf6 13.Nd4 Be7 14.f4 Nc4 15.Qe2 Nb6
16.Nc3 Kf8 17.f5 Re8 18.Qd3 Kg7 19.Re3 Bd8 20.Rg3 Re5 21.Rf1 g5 22.Nc2 Na4
23.Nd1 Nc5 24.Qf3 Ne4 25.Rg4 Nd2 26.Qh3 Nxf1 27.Rxg5+ Kf8 28.Qh6+ Ke8 29.Rg4 Qxf5
30.Rf4 Qxc2  0-1

[Event "Malta ol (Men)"]
[Site "La Valetta"]
[Date "1980.??.??"]
[Round "?"]
[White "Oulo, S."]
[Black "Gauri"]
[Result "0-1"]
[WhiteElo "2200"]
[BlackElo "2200"]

1.e4 c5 2.Nf3 d6 3.Bb5+ Bd7 4.Bxd7+ Qxd7 5.O-O Nc6 6.c3 Nf6 7.Re1 e6 8.d4 cxd4
9.cxd4 d5 10.e5 Ng8 11.a3 Nge7 12.Ng5 h6 13.Nf3 h5 14.Ng5 Nf5 15.Be3 Be7
16.Nf3 Bd8 17.b4 Bb6 18.Qd3 Rc8 19.Nbd2 Bd8 20.Nb3 b6 21.Rec1 Nxe3 22.fxe3 O-O
23.Qb5 Nxe5 24.Qxd7 Rxc1+ 25.Nxc1 Nxd7 26.Nd3 b5 27.Rc1 Nb6 28.Kf2 Nc4 29.Rc3 Bf6
30.Nc5 Rc8 31.Nd7 Be7 32.Nde5 f6 33.Ng6 Kf7 34.Nf4 g6 35.h4 Nd6 36.Rxc8 Nxc8
37.Ne1 Nd6 38.Ned3 Nc4 39.Nc5 Bxc5 40.dxc5 Nxa3 41.Nd3 Nc4 42.Ke2  0-1

[Event "Malta ol (Men)"]
[Site "La Valetta"]
[Date "1980.??.??"]
[Round "?"]
[White "Shaw, Terrey Ian"]
[Black "Kunsztowicz, Uwe"]
[Result "1/2-1/2"]
[WhiteElo "2330"]
[BlackElo "2365"]

1.e4 c5 2.Nf3 d6 3.Bb5+ Bd7 4.Bxd7+ Qxd7 5.c4 Nc6 6.d4 cxd4 7.Nxd4 g6 8.Nc3 Nf6
9.f3 Bg7 10.Be3 O-O 11.O-O Rfc8 12.b3 Qd8 13.Qd2 Qa5 14.Rac1 a6 15.Rfd1 Nxd4
16.Bxd4 b5 17.Bxf6 Bxf6 18.Nd5 Qxd2 19.Nxf6+ Kg7 20.Rxd2 Kxf6 21.Rdc2 Ke6
22.Kf2  1/2-1/2

[Event "Malta ol (Men)"]
[Site "La Valetta"]
[Date "1980.??.??"]
[Round "?"]
[White "Shaw, Terrey Ian"]
[Black "Stoica, Valentin"]
[Result "1/2-1/2"]
[WhiteElo "2330"]
[BlackElo "2435"]

1.e4 c5 2.Nf3 d6 3.Bb5+ Bd7 4.Bxd7+ Nxd7 5.O-O Ngf6 6.Qe2 e6 7.c3 Be7 8.d4 O-O
9.Nbd2 Qc7 10.Re1 Rac8 11.c4 cxd4 12.Nxd4 Qc5 13.N4f3 Ng4 14.h3 Nge5 15.b3 Bf6
16.Bb2 Nd3 17.Qxd3 Bxb2 18.Rad1 Rfd8 19.Nf1 Ne5 20.Nxe5 Bxe5 21.Nd2 a6 22.Nf3 Bf6
23.Re2 b5 24.cxb5 axb5 25.Nd4 Bxd4 26.Qxd4 Qxd4 27.Rxd4 Kf8 28.Kf1 Rc1+ 29.Re1 Rc2
30.Re2 Rc1+ 31.Re1 Rc6 32.Red1 Ke7 33.Ke1 Ra8 34.R4d2 Ra5 35.a4 bxa4 36.bxa4  1/2-1/2

[Event "Malta ol (Men)"]
[Site "La Valetta"]
[Date "1980.??.??"]
[Round "?"]
[White "Tringov, Georgi P"]
[Black "Andersson, Ulf"]
[Result "1/2-1/2"]
[WhiteElo "2455"]
[BlackElo "2590"]

1.e4 c5 2.Nf3 d6 3.Bb5+ Bd7 4.Bxd7+ Qxd7 5.O-O Nf6 6.Qe2 e6 7.c3 Nc6 8.d4 cxd4
9.cxd4 d5 10.e5 Ne4 11.Rd1 Be7 12.Ne1 f6 13.f3 Ng5 14.Be3 O-O 15.Nc3 Rac8
16.Nd3 Nf7 17.f4 Nh6 18.exf6 Rxf6 19.Ne5  1/2-1/2

[Event "Makarczyk mem"]
[Site "Lodz"]
[Date "1980.??.??"]
[Round "9"]
[White "Bellin, Robert"]
[Black "Adamski, Jan"]
[Result "1/2-1/2"]
[WhiteElo "2440"]
[BlackElo "2410"]

1.e4 c5 2.Nf3 d6 3.Bb5+ Nc6 4.O-O Bd7 5.Re1 Nf6 6.c3 a6 7.Bf1 Bg4 8.h3 Bxf3
9.Qxf3 g6 10.Qd1 Bh6 11.Na3 O-O 12.Nc2 d5 13.e5 Ne8 14.d4 Bxc1 15.Rxc1 cxd4
16.Nxd4 Rc8 17.Nxc6 Rxc6 18.c4 Nc7 19.cxd5 Rxc1 20.Qxc1 Nxd5 21.Qh6 e6 22.Re4 f5
23.exf6 Qxf6 24.Qd2 Kg7 25.g3 Rd8 26.h4 Nc7 27.Qc2 Rd7 28.Bg2 Nb5 29.Qc8 Qe7
30.Bh3 Rd1+ 31.Kg2 e5 32.Qe6 Qxe6 33.Bxe6 Kf6 34.Bg4 Rd2 35.Re2 Rxe2 36.Bxe2 Nd4
37.Bd3 a5 38.Be4 b6 39.a3 h6 40.Kf1 Nb5 41.Ke2  1/2-1/2

[Event "Lloyds Bank"]
[Site "London"]
[Date "1980.??.??"]
[Round "?"]
[White "Short, Nigel D"]
[Black "Miles, Anthony J"]
[Result "1-0"]
[WhiteElo "2360"]
[BlackElo "2545"]

1.e4 c5 2.Nf3 d6 3.Bb5+ Bd7 4.Bxd7+ Nxd7 5.O-O Ngf6 6.Qe2 e6 7.c3 Be7 8.d4 O-O
9.Rd1 Rc8 10.e5 Ne8 11.Nbd2 cxd4 12.cxd4 Qc7 13.Nf1 Qc4 14.Qxc4 Rxc4 15.Ne3 Rc7
16.Bd2 d5 17.Rac1 Nb8 18.h4 Rxc1 19.Rxc1 Nc6 20.h5 h6 21.Kf1 Nc7 22.Ke2 Rc8
23.Kd3 Kf8 24.Ng1 Na8 25.Ne2 Nb6 26.f4 Ke8 27.g4 Kd7 28.Rg1 Na4 29.Nd1 Rh8
30.f5 Nb6 31.Nf4 Rf8 32.Ne3 Rc8 33.fxe6+ fxe6 34.Ng6 Ke8 35.Rf1 Nd7 36.Ng2 Bg5
37.N2f4 Bxf4 38.Rxf4 a5 39.Nh8 b6 40.Nf7 Ke7 41.g5 hxg5 42.Rf1 Nb4+ 43.Ke2 Rc2
44.Kd1 Rxb2 45.Bxg5+ Kf8 46.Nd8+ Kg8 47.Rf7 Nf8 48.h6 gxh6 49.Bxh6 Rg2 50.Rxf8+ Kh7
51.Bd2 Nd3 52.Nxe6 Nb2+ 53.Kc1 Nc4 54.Bc3 Rg1+ 55.Kc2 Rg2+ 56.Kb3 b5 57.Nf4 Rf2
58.e6 b4 59.e7 Nd6 60.Nxd5 Re2 61.e8=Q a4+ 62.Qxa4  1-0

[Event "Phillips&Drew"]
[Site "London"]
[Date "1980.??.??"]
[Round "7"]
[White "Short, Nigel D"]
[Black "Timman, Jan H"]
[Result "1/2-1/2"]
[WhiteElo "2360"]
[BlackElo "2600"]

1.e4 c5 2.Nf3 d6 3.Bb5+ Bd7 4.Bxd7+ Nxd7 5.c4 Ngf6 6.Nc3 e6 7.O-O Be7 8.d4 cxd4
9.Nxd4 O-O 10.b3 a6 11.Re1 Rc8 12.Bb2 Re8 13.Rc1 Bf8 14.h3 Nc5 15.Rc2 Qc7
16.Rce2 Qb8 17.Re3 g6 18.Qa1 Bh6 19.Rf3 Ncd7 20.a4 Nh5 21.g4 Nhf6 22.Nde2 Bg7
23.g5 Nh5 24.Rd1 h6 25.h4 hxg5 26.hxg5 Rc5 27.Bc1 b5 28.axb5 axb5 29.cxb5 Rxb5
30.Nd4 Bxd4 31.Rxd4 Rxb3 32.Kg2 Rc8 33.Rh3 Nc5 34.Be3 Qb7 35.Rh4 Nd7 36.Ne2 Rc2
37.Qd1 Rc6 38.Rxd6 Rxd6 39.Qxd6 Rb1 40.Nd4 Rd1 41.Qe7 Qb1 42.Qe8+ Kg7 43.Nf3 e5
44.Rxh5 gxh5 45.g6 Kxg6 46.Qh8 Rg1+ 47.Nxg1 Qxe4+ 48.Kh2 Nf6 49.Qh6+ Kf5
50.f3 Qc2+ 51.Kg3 Ke6 52.Nh3 Qg6+ 53.Ng5+ Ke7 54.Qh8 Nd7 55.Kh4 Qb1 56.Bf2 Qh1+
57.Kg3 h4+ 58.Qxh4 Qxh4+ 59.Kxh4 Kf6 60.Ne4+ Kg6 61.Ba7 Kf5 62.Kg3 Nf8 63.Bc5 Ng6
64.Nd6+ Ke6 65.Kg4 Nf4 66.Nf5 Nd3 67.Bb6 Ne1 68.Nh4 Kf6 69.Bf2 Nd3 70.Bg3 Nb2
71.Nf5 Nc4 72.Bh4+ Ke6 73.Bg5 f6 74.Bc1 Nb6 75.Nh4 Nd5 76.Nf5 Nb4 77.Be3 Nd5
78.Bd2 Nc7 79.Ne3 Nb5 80.Nc2 Nd6 81.Bb4 Nb5 82.Ne1 Nd4 83.Bc5 Nb3 84.Bb6 f5+
85.Kg5 f4 86.Bc7 Nd2 87.Ba5 Nc4 88.Bc3 Nd6 89.Bb4 e4 90.Bxd6 Kxd6 91.fxe4 Ke5
92.Nd3+ Kxe4 93.Nxf4  1/2-1/2

[Event "Phillips&Drew"]
[Site "London"]
[Date "1980.??.??"]
[Round "11"]
[White "Short, Nigel D"]
[Black "Stean, Michael"]
[Result "1/2-1/2"]
[WhiteElo "2360"]
[BlackElo "2530"]

1.e4 c5 2.Nf3 d6 3.Bb5+ Bd7 4.Bxd7+ Nxd7 5.c4 Ngf6 6.Nc3 a6 7.O-O g6 8.d4 cxd4
9.Nxd4 Rc8 10.Qe2 Bg7 11.Nc2 O-O 12.Bd2 Re8 13.Rad1  1/2-1/2

[Event "Lone Pine"]
[Site "Lone Pine"]
[Date "1980.??.??"]
[Round "8"]
[White "Fedorowicz, John P"]
[Black "Quinteros, Miguel A"]
[Result "1/2-1/2"]
[WhiteElo "2420"]
[BlackElo "2515"]

1.e4 c5 2.Nf3 d6 3.Bb5+ Bd7 4.Bxd7+ Qxd7 5.c4 Nc6 6.O-O e5 7.Nc3 g6 8.a3 Bg7
9.Rb1 Nge7 10.b4 b6 11.Nd5 Nxd5 12.cxd5 Nd4 13.Nxd4 cxd4 14.d3 O-O 15.Bd2 f5
16.f3 fxe4 17.fxe4 Rxf1+ 18.Kxf1 h5 19.Rc1 Kh7 20.Rc6 Rf8+ 21.Kg1 Rf7 22.b5 Qe7
23.Qe2 Bh6 24.Bxh6 Kxh6 25.Qd2+ Kg7 26.a4 g5 27.Rc1 Kg6 28.Rf1 Rxf1+ 29.Kxf1 Qc7
30.g3 g4 31.Kg2 Qc8 32.Qf2 Kg7 33.Qd2 Qd8 34.Qc1 Qf6 35.Kg1 Qd8 36.Kg2 Kg6
37.Qf1 Qc8 38.Kh1 Kg7 39.Kg1 Qc2 40.Qf5 Qd1+ 41.Kf2 Qxd3 42.Qd7+ Kg8 43.Qe8+ Kg7
44.Qe7+ Kg8 45.Qg5+ Kf8 46.Qf6+ Kg8 47.Qg6+ Kf8 48.Qxd6+ Kf7 49.Qe6+ Kf8
50.Qf5+ Kg8 51.Qg5+ Kf8 52.Qd8+ Kf7 53.Qd7+ Kf8 54.Qc8+ Kf7 55.Qe6+ Kf8 56.Qf6+ Kg8
57.Qg6+ Kf8 58.Qd6+ Kf7 59.Qe6+  1/2-1/2

[Event "Manchester Benedictine"]
[Site "Manchester"]
[Date "1980.??.??"]
[Round "6"]
[White "Dobosz, Henryk"]
[Black "Gutman, Lev"]
[Result "0-1"]
[WhiteElo "2385"]
[BlackElo "2430"]

1.e4 c5 2.Nf3 d6 3.Bb5+ Nc6 4.O-O Bd7 5.c3 a6 6.Ba4 Nf6 7.Re1 b5 8.Bc2 Bg4
9.d3 e6 10.Nbd2 Be7 11.h3 Bh5 12.Nf1 O-O 13.Ng3 Bg6 14.Nh2 d5 15.f4 h6 16.Ng4 dxe4
17.dxe4 Qxd1 18.Rxd1 Nxg4 19.hxg4 f6 20.Be3 Rfd8 21.a4 Be8 22.Rxd8 Rxd8 23.axb5 axb5
24.Kf2 c4 25.Ne2 e5 26.g3 b4 27.b3 bxc3 28.bxc4 Nd4 29.Ra2 Bb4 30.Bxd4 exd4
31.Nc1 Bf7 32.Ra4 Rb8 33.Bb3 g5 34.Ra6 Bf8 35.Ba2 Rb2+ 36.Kf3 Rd2 37.e5 d3
38.e6 Be8 39.c5 Bxc5 40.Bc4 Rf2+ 41.Ke4 d2  0-1

[Event "Manchester Benedictine"]
[Site "Manchester"]
[Date "1980.??.??"]
[Round "7"]
[White "Davies, Nigel R"]
[Black "De Firmian, Nick E"]
[Result "1-0"]
[WhiteElo "2235"]
[BlackElo "2430"]

1.e4 c5 2.Nf3 d6 3.Bb5+ Bd7 4.Bxd7+ Nxd7 5.O-O Ngf6 6.Re1 e6 7.c3 Be7 8.d3 O-O
9.Nbd2 b5 10.a4 a6 11.Nf1 Qb6 12.Bg5 h6 13.Bh4 Rfe8 14.Ne3 Qb7 15.Qb3 Qc6
16.h3 Nb6 17.axb5 axb5 18.Rxa8 Rxa8 19.e5 c4 20.dxc4 bxc4 21.Nxc4 Nxc4 22.exf6 gxf6
23.Nd4 Qc7 24.Qd1 Ne5 25.Qh5 Kg7 26.f4 Ng6 27.Rxe6 Qc5 28.f5 Bd8 29.Kh2 Ne5
30.Re8 Qc7 31.Bg3 Qd7 32.Bxe5 Qxe8 33.Ne6+  1-0

[Event "Manchester Benedictine"]
[Site "Manchester"]
[Date "1980.??.??"]
[Round "9"]
[White "Davies, Nigel R"]
[Black "Rind, Bruce"]
[Result "1-0"]
[WhiteElo "2235"]
[BlackElo "2395"]

1.e4 c5 2.Nf3 d6 3.Bb5+ Bd7 4.Bxd7+ Nxd7 5.O-O Ngf6 6.d3 e6 7.Nc3 Be7 8.Ne1 Rb8
9.a4 a6 10.f4 b5 11.axb5 axb5 12.f5 b4 13.fxe6 fxe6 14.Ne2 Ne5 15.Nf4 Qd7
16.Nf3 Nxf3+ 17.Qxf3 e5 18.Nd5 O-O 19.Qf5 Rb7 20.Qxd7 Rxd7 21.Nb6 Rb7 22.Ra6 b3
23.c3 Rfb8 24.Nc4 d5 25.exd5 Nxd5 26.Bd2 Bf6 27.g3 Rd7 28.Rfa1 Ne7 29.Ra8 Rbd8
30.g4 Bh4 31.Nxe5 Rd5 32.c4 Rd6 33.Be3 Nc8 34.Bxc5 Re6 35.d4 Bf6 36.R1a6 Ree8
37.Rc6 Ne7 38.Rxd8 Rxd8 39.Rd6 Rc8 40.Re6 Bxe5 41.Rxe7 Bf6 42.Rb7 Rd8 43.Rxb3 Bxd4+
44.Bxd4 Rxd4 45.Rc3 Rxg4+ 46.Kf2 Kf7 47.b3 Ke6 48.Rd3 Rg5 49.h3 Ra5 50.Ke3 Ra1
51.Kd2 g5 52.c5 h5 53.b4 h4 54.c6 Ra2+ 55.Kd1 Ra1+ 56.Kc2 Ra2+ 57.Kb3 Ra1
58.b5 Rc1 59.Kb4 Ke5 60.Ka5 Ke4 61.Rb3 Kd5 62.Kb6  1-0

[Event "POL-ch"]
[Site "?"]
[Date "1980.??.??"]
[Round "14"]
[White "Maciejewski, Andrzej"]
[Black "Ksieski, Zbigniew"]
[Result "1-0"]
[WhiteElo "2370"]
[BlackElo "2345"]

1.e4 c5 2.Nf3 d6 3.Bb5+ Nc6 4.O-O Bd7 5.c3 Nf6 6.Re1 a6 7.Bf1 e5 8.h3 Be7
9.d4 Qc7 10.d5 Nd8 11.a4 b6 12.Nbd2 Nb7 13.Bd3 O-O 14.Qe2 c4 15.Nxc4 Nc5
16.Bc2 b5 17.axb5 Bxb5 18.Nfd2 Rac8 19.Qf3 Nfxe4 20.Bxe4 Bxc4 21.Nxc4 Nb3
22.Ra4 Nc5 23.Ra3 Nxe4 24.Rxe4 g6 25.Na5 f5 26.Rc4 Qb6 27.Rxc8 Rxc8 28.Nc6 Bf6
29.Qe2 Ra8 30.b4 f4 31.Bd2 Bh4 32.Be1 h5 33.c4 Re8 34.Qe4 Kh7 35.Rf3 Rf8
36.Kh2 Rf5 37.c5 dxc5 38.Nxe5 Qd6 39.Nc4 Qxd5 40.Qxd5 Rxd5 41.Rxf4 Bg5 42.Re4 cxb4
43.Bxb4 h4 44.Ne3 Rb5 45.Ng4 Bc1 46.Re7+ Kg8 47.Nf6+  1-0

[Event "ARG-ch"]
[Site "Quilmes"]
[Date "1980.??.??"]
[Round "3"]
[White "Bronstein, Luis"]
[Black "Najdorf, Miguel"]
[Result "0-1"]
[WhiteElo "2420"]
[BlackElo "2510"]

1.e4 c5 2.Nf3 d6 3.Bb5+ Nc6 4.O-O Bd7 5.Re1 a6 6.Bf1 Bg4 7.h3 Bh5 8.d3 e6
9.Nbd2 Nf6 10.c3 Be7 11.a3 d5 12.Qe2 d4 13.c4 Nd7 14.Qd1 g5 15.b4 cxb4 16.Be2 Bg6
17.Nb3 e5 18.axb4 Nxb4 19.Qd2 a5 20.c5 Nc6 21.Qc2 h5 22.g3 h4 23.g4 f6 24.Ba3 Bf7
25.Reb1 O-O 26.Nbd2 Qc7 27.Rd1 Rfc8 28.Nc4 Nb4 29.Qd2 Nxc5 30.Nxa5 Nbxd3
31.Nxb7 Nf4 32.Nxc5 Bxc5 33.Bxc5 Qxc5 34.Kh2 Rxa1 35.Rxa1 Qc6 36.Qe1 Qb7
37.Nd2 Qb2 38.Rb1 Qa2 39.Nb3 Bxb3  0-1

[Event "Reykjavik"]
[Site "Reykjavik"]
[Date "1980.??.??"]
[Round "?"]
[White "Angantysson, Haukur"]
[Black "Miles, Anthony J"]
[Result "1/2-1/2"]
[WhiteElo "2425"]
[BlackElo "2545"]

1.e4 c5 2.Nf3 d6 3.Bb5+ Bd7 4.Bxd7+ Nxd7 5.O-O Ngf6 6.d3 e6 7.Nc3 Be7 8.a4 O-O
9.h3 Qc7 10.Bf4 b6 11.Qe2 Qb7 12.e5 dxe5 13.Nxe5 Nxe5 14.Qxe5 Rad8 15.Qc7 Qa8
16.a5 Rd7 17.Qe5 Qb7 18.axb6 axb6 19.Bg5 h6 20.Bh4 Rd4 21.Bxf6 Bxf6 22.Qe2 Rb4
23.Rab1 Ra8 24.Ne4 Be7 25.b3 Rd4 26.Ra1 Rdd8 27.Qf3 Kf8 28.Qf4 Ra7 29.Rfb1 Qd7
30.Rxa7 Qxa7 31.g4 Ra8 32.Re1 Qd7 33.Ng3 Qd4 34.Qe4 Qxe4 35.Nxe4 Ra2 36.Re2 Ke8
37.Kg2 Kd7 38.Kf3 Ra1 39.Rd2 g6 40.d4 Kc6 41.dxc5 bxc5 42.Re2 Rh1 43.Kg2 Rd1
44.Nd2 Bf6 45.Nc4 Bd4 46.Kf3 Rc1 47.Kg2 Kd7 48.Nb6+ Kd6 49.Nc4+ Ke7 50.Kf3 f5
51.gxf5 gxf5 52.Kg2 Kf6 53.Nb6 h5 54.Na4 c4 55.c3 Bxc3 56.Nxc3 Rxc3 57.bxc4 Rxc4
58.Re3 h4 59.Ra3 e5 60.Ra6+ Kg5 61.Ra8 Rc6 62.Rg8+ Kf4 63.Rh8 Rg6+ 64.Kf1 Kf3
65.Ra8 e4 66.Ra3+ Kf4 67.Ra4 Rd6 68.Kg1 Rd2 69.Rb4 Ke5 70.Rb8 f4 71.Kf1 e3
72.fxe3 fxe3 73.Ke1 Rh2 74.Rb4 Rxh3 75.Ke2 Kf5 76.Ra4 Kg5 77.Re4 Rh1 78.Rxe3 h3
79.Kf2 Kf4 80.Ra3 Rh2+ 81.Kg1 Rg2+ 82.Kh1 Rg3 83.Rxg3 Kxg3 84.Kg1 h2+ 85.Kh1 Kh3  1/2-1/2

[Event "Reykjavik"]
[Site "Reykjavik"]
[Date "1980.??.??"]
[Round "?"]
[White "Angantysson, Haukur"]
[Black "Olafsson, Helgi"]
[Result "0-1"]
[WhiteElo "2425"]
[BlackElo "2445"]

1.e4 c5 2.Nf3 d6 3.Bb5+ Nc6 4.O-O Bd7 5.Re1 Nf6 6.c3 a6 7.Ba4 c4 8.d4 cxd3
9.Qxd3 g6 10.c4 Bg7 11.Nc3 O-O 12.Bxc6 Bxc6 13.Bg5 Nd7 14.Rac1 Rc8 15.b4 b6
16.h4 h6 17.Bd2 Bb7 18.Nd5 e6 19.Nc3 Ne5 20.Nxe5 dxe5 21.Qe2 Qxh4 22.Na4 Rcd8
23.Nxb6 Rd4 24.Be3 Rxe4 25.Nd7 Rg4 26.f3 Rg3 27.Bf2 e4 28.Bxg3 Bd4+ 29.Qf2 Bxf2+
30.Bxf2 Qd8 31.Nxf8 exf3 32.Nxe6 fxe6 33.Re5 Kf7 34.Rce1 fxg2 35.Rxe6 Qd7
36.Rb6 Bf3 37.Bc5 Be2 38.Kf2 Qg4 39.Rb7+ Kf6 40.Rb6+  0-1

[Event "Rome-B"]
[Site "Rome"]
[Date "1980.??.??"]
[Round "6"]
[White "De Eccher, Stefano"]
[Black "Tassi, Oliviero"]
[Result "1/2-1/2"]
[WhiteElo "2285"]
[BlackElo "2200"]

1.e4 c5 2.Nf3 d6 3.Bb5+ Nc6 4.d4 cxd4 5.Qxd4 Bd7 6.Bxc6 Bxc6 7.Nc3 Nf6 8.Bg5 e6
9.O-O-O Be7 10.Rhe1 O-O 11.Kb1 Qa5  1/2-1/2

[Event "Silkeborg"]
[Site "Silkeborg"]
[Date "1980.??.??"]
[Round "5"]
[White "Iskov, Gert"]
[Black "Ligterink, Gert"]
[Result "1/2-1/2"]
[WhiteElo "2400"]
[BlackElo "2455"]

1.e4 c5 2.Nf3 d6 3.Bb5+ Nc6 4.O-O Bd7 5.Re1 a6 6.Bxc6 Bxc6 7.d4 cxd4 8.Nxd4 Nf6
9.Nxc6 bxc6 10.c4 e6 11.Nc3 Be7 12.Bf4 e5 13.Bg5 O-O 14.Qd2 Qc7 15.Rad1 Rfd8
16.Re3 h6 17.Bxf6 Bxf6 18.Rd3 Be7 19.b3 Qb7 20.Na4 Rac8 21.Qc3 Qb8 22.h3 g6
23.c5 dxc5 24.Nxc5 Bxc5 25.Qxc5 Rxd3 26.Rxd3 Qb5 27.Qc3 c5 28.a4 Qb4 29.Qxe5 Qe1+
30.Kh2 Qxf2 31.Rf3 Qd4 32.Qf4 Rf8 33.Qxh6 Qxe4 34.Qg5 Qd4 35.Qf6  1/2-1/2

[Event "Silkeborg"]
[Site "Silkeborg"]
[Date "1980.??.??"]
[Round "7"]
[White "Taulbut, Shaun M"]
[Black "Karlsson, Lars"]
[Result "0-1"]
[WhiteElo "2375"]
[BlackElo "2405"]

1.e4 c5 2.Nf3 d6 3.Bb5+ Nd7 4.O-O Nf6 5.Re1 a6 6.Bxd7+ Nxd7 7.c3 e6 8.d4 Be7
9.Nbd2 O-O 10.a4 cxd4 11.cxd4 Nf6 12.a5 d5 13.e5 Nd7 14.Nf1 Nb8 15.Bd2 Bd7
16.Ng3 Bb5 17.Qb3 Nc6 18.Nh5 b6 19.axb6 Rb8 20.Qe3 Rxb6 21.Rac1 Bc4 22.Nxg7 Kxg7
23.Qh6+ Kg8 24.Ng5 Bd3 25.Nxh7 Bxh7 26.Rc3 Bg6 27.Rh3 Bf6 28.Bg5 Bg7 29.Bxd8 Bxh6
30.Bxb6 Kg7 31.Bc5 Rb8 32.b3 Bd2 33.Rd1 Bb4 34.f4 Bxc5 35.dxc5 d4 36.Rg3 Kf8
37.h4 a5 38.Rd2 Rb5 39.Rg5 Rxb3 40.h5 Be4 41.h6 a4 42.Rf2 Bg6 43.g4 Rb1+
44.Kh2 a3 45.Kg3 Rb2 46.Rf3 a2  0-1

[Event "Stary Smokovec"]
[Site "Stary Smokovec"]
[Date "1980.??.??"]
[Round "13"]
[White "Franzen, Josef"]
[Black "Lakic, Nikola"]
[Result "1/2-1/2"]
[WhiteElo "2330"]
[BlackElo "2395"]

1.e4 c5 2.Nf3 d6 3.Bb5+ Bd7 4.Bxd7+ Qxd7 5.c4 Nc6 6.O-O g6 7.d4 cxd4 8.Nxd4 Bg7
9.Be3 Nf6 10.f3 O-O 11.Nc3 Rfc8 12.b3  1/2-1/2

[Event "Tirnavia-A"]
[Site "Trnava"]
[Date "1980.??.??"]
[Round "4"]
[White "Plachetka, Jan"]
[Black "Ftacnik, Lubomir"]
[Result "0-1"]
[WhiteElo "2480"]
[BlackElo "2470"]

1.e4 c5 2.Nf3 d6 3.Bb5+ Nd7 4.a4 Nf6 5.d3 a6 6.Bxd7+ Bxd7 7.a5 g6 8.O-O Bg7
9.Nbd2 O-O 10.h3 Qc7 11.Nc4 Rad8 12.Bg5 Rfe8 13.e5 dxe5 14.Nfxe5 Be6 15.Qe2 Nd7
16.Nxd7 Qxd7 17.Nb6 Qb5 18.Bf4 Qxb2 19.Bc7 Qb5 20.Rab1 Qxa5 21.Bxd8 Rxd8
22.Qe4 Rb8 23.Qf4 Rf8 24.Nc4 Qc3 25.Rxb7 Qxc2 26.Ne5 Qe2 27.Nc6 Qxd3 28.Nxe7+ Kh8
29.Rb8 h6 30.Re1 g5 31.Rxf8+ Bxf8 32.Qb8 Kg7 33.Qe5+ Kh7 34.Qxc5 a5 35.Qc7 a4
36.Nc6 Qd7 37.Qxd7 Bxd7 38.Nd4 a3 39.Ra1 Ba4 40.Kf1 Bc5 41.Ne2 Bb3 42.Kg1 Bc4
43.Nc3 Bb4 44.Na2 Bf8 45.Nc3 Be6 46.Kf1 Bb4 47.Na2 Bc4+ 48.Kg1 Bd2 49.Nc1 Be6
50.Na2 h5 51.Rd1 Bf4 52.Nb4 Be5 53.Rc1 Bd6 54.Nc2 a2 55.Kf1 Be5 56.Na1 Bb2
57.Re1 Bc4+ 58.Kg1 Bd3 59.Nb3  0-1

[Event "CSR-ch"]
[Site "Trnava"]
[Date "1980.??.??"]
[Round "13"]
[White "Ambroz, Jan"]
[Black "Gross, Stefan"]
[Result "1/2-1/2"]
[WhiteElo "2390"]
[BlackElo "2355"]

1.e4 c5 2.Nf3 d6 3.Bb5+ Bd7 4.Bxd7+ Qxd7 5.O-O e6 6.c3 Nf6 7.Qe2 Nc6 8.d4 cxd4
9.cxd4 d5 10.e5 Ne4 11.Be3 Be7 12.Ne1 f5 13.f3 Ng5 14.Nc3 O-O 15.Nd3 Rac8
16.Rad1 b6 17.Nf4 Nd8 18.Bf2 Rc6 19.Qd3 Ngf7 20.Rc1 Bg5 21.Be3 Re8 22.Nce2 Re7
23.Qb3 Qb7 24.a4 a6 25.Kf2 Rec7 26.Rxc6 Rxc6 27.Rc1 Rxc1 28.Bxc1 Qc6 29.Bd2 Nb7
30.g3 g6 31.h4 Bh6 32.Bb4 Nfd8 33.Bd2 Kf7 34.g4 Bf8 35.h5 Na5 36.Bxa5 bxa5
37.hxg6+ hxg6 38.gxf5 gxf5 39.Qd1 Ke8 40.Qh1 Kd7 41.Nc3 Qc4 42.Qh7+ Kc8 43.Nce2  1/2-1/2

[Event "Baden"]
[Site "Vienna"]
[Date "1980.??.??"]
[Round "6"]
[White "Janetschek, Karl"]
[Black "Stean, Michael"]
[Result "0-1"]
[WhiteElo "2325"]
[BlackElo "2530"]

1.e4 c5 2.Nf3 d6 3.Bb5+ Bd7 4.Bxd7+ Qxd7 5.O-O e6 6.c4 Nf6 7.Nc3 Nc6 8.d4 cxd4
9.Nxd4 Be7 10.b3 O-O 11.Bb2 a6 12.Qd3 Rfd8 13.Rad1 b5 14.cxb5 Nxd4 15.Qxd4 axb5
16.Rfe1 Qb7 17.a3 Ne8 18.Re2 Rdc8 19.h3 h6 20.Kh1 Rab8 21.Rd3 b4 22.axb4 Qxb4
23.Qxb4 Rxb4 24.Na2 Rb7 25.Kg1 Rcb8 26.b4 Ra8 27.Bd4 Nc7 28.Kf1 Nb5 29.Rc2 Bg5
30.Ke1 Kf8 31.Kd1 g6 32.Be3 Bxe3 33.Rxe3 Ra4 34.Rb2 Rc7 35.Rd3 Ke7 36.Kd2 Rc4
37.f3 h5 38.Rdb3 h4 39.Kd3 Rd4+ 40.Ke3 e5 41.Rc3 Ra3 42.Rxa3 Nxa3 43.Ke2 Nb5
44.Rd2 Rc4 45.Kd3 Rd4+ 46.Ke2 Rc4 47.Kd3 Rd4+ 48.Ke2 Kd7 49.Rxd4 Nxd4+ 50.Kd3 Ne6
51.Ke3 Nf4 52.Kf2 Kc6 53.Nc3 Nd3+ 54.Ke3 Nxb4 55.f4 Kc5 56.fxe5 dxe5 57.Na4+ Kb5
58.Nb2 f6 59.Nd1 Kc4 60.Nf2 f5 61.exf5 gxf5 62.Nd1 Nd5+ 63.Kf2 e4  0-1

[Event "URS-ch48"]
[Site "Vilnius"]
[Date "1980.??.??"]
[Round "?"]
[White "Makarichev, Sergey"]
[Black "Tseshkovsky, Vitaly"]
[Result "1-0"]
[WhiteElo "2495"]
[BlackElo "2595"]

1.e4 c5 2.Nf3 d6 3.Bb5+ Bd7 4.Bxd7+ Qxd7 5.c4 Nc6 6.d4 Qg4 7.d5 Qxe4+ 8.Be3 Nb4
9.Qa4+ Kd8 10.O-O Qc2 11.Qb5 Qf5 12.Qxb7 Qc8 13.Qxc8+ Kxc8 14.Ng5 Nh6 15.a3 Nc2
16.Ra2 a5 17.b3 Nxe3 18.fxe3 Rb8 19.Nd2 g6 20.Nxf7 Nxf7 21.Rxf7 Kd7 22.a4 Ke8
23.Rf3 Bg7 24.Rc2 Kd7 25.Kf2 h5 26.Rg3 Rh6 27.h3 Be5 28.Rf3 g5 29.Rf5 g4
30.hxg4 hxg4 31.Rc1 Rh4 32.Rb1 Rbh8 33.Ne4 Bg7 34.Rf7 Be5 35.Rf5 Bg7 36.Kg3 Rh1
37.Rxh1 Rxh1 38.Kxg4 Rb1 39.Rf7 Be5 40.Kg5 Ke8 41.Rf3  1-0

[Event "Vrbas"]
[Site "Vrbas"]
[Date "1980.??.??"]
[Round "?"]
[White "Kurajica, Bojan"]
[Black "Petrosian, Tigran V"]
[Result "1/2-1/2"]
[WhiteElo "2505"]
[BlackElo "2615"]

1.e4 c5 2.Nf3 d6 3.Bb5+ Bd7 4.Bxd7+ Qxd7 5.O-O Nc6 6.d4 cxd4 7.Nxd4 Nf6 8.Re1 g6
9.Nxc6 bxc6 10.b3 Bg7 11.Bb2 O-O 12.Nd2 Rfd8 13.Qe2 Qg4 14.Qxg4 Nxg4 15.Bxg7 Kxg7
16.Nc4  1/2-1/2

[Event "Hoogovens"]
[Site "Wijk aan Zee"]
[Date "1980.??.??"]
[Round "12"]
[White "Biyiasas, Peter"]
[Black "Sigurjonsson, Gudmundur"]
[Result "1/2-1/2"]
[WhiteElo "2485"]
[BlackElo "2475"]

1.e4 c5 2.Nf3 d6 3.Bb5+ Nc6 4.O-O Bd7 5.Re1 a6 6.Bf1 g6 7.c3 Bg7 8.d3 Nf6
9.Bg5 O-O 10.Qd2 Bg4 11.Qf4 Qd7 12.h3 e5 13.Qe3 Be6 14.Bh6 Rae8 15.Bxg7 Kxg7
16.Nbd2 b5 17.a3 Qa7 18.b4 Nd7 19.Ng5 h6 20.Nxe6+ fxe6 21.Nb3 Qb6 22.Qd2 Rf7
23.Qe2 Ref8 24.f3 Ra8 25.Kh2 a5 26.Qd2 a4 27.Nc1 Rc8 28.Na2 d5 29.Rac1 g5
30.Rc2 Rd8 31.Rb1 dxe4 32.dxe4 c4 33.Qd6 Kf6 34.Rbb2 Ndb8 35.Qc5 Nd7 36.Qd6 Ndb8
37.Qc5 Nd7  1/2-1/2

[Event "Zamardi op"]
[Site "Zamardi"]
[Date "1980.??.??"]
[Round "?"]
[White "Biriescu, Ioan"]
[Black "Schneider, Attila"]
[Result "1/2-1/2"]
[WhiteElo "2380"]
[BlackElo "2325"]

1.e4 c5 2.Nf3 d6 3.Bb5+ Bd7 4.Bxd7+ Qxd7 5.c4 Nc6 6.d4 cxd4 7.Nxd4 g6 8.Nc3 Nf6
9.f3 Bg7 10.Be3 O-O 11.O-O Rfd8 12.Qd2 e6 13.Rfd1 d5 14.cxd5 exd5 15.Nxc6 bxc6
16.exd5 Nxd5 17.Bg5  1/2-1/2

[Event "Zamardi op"]
[Site "Zamardi"]
[Date "1980.??.??"]
[Round "?"]
[White "Waldmann, Ivan"]
[Black "Schneider, Lars Ake"]
[Result "1/2-1/2"]
[WhiteElo "2200"]
[BlackElo "2450"]

1.e4 c5 2.Nf3 d6 3.Bb5+ Bd7 4.Bxd7+ Qxd7 5.c4 Qg4 6.O-O Qxe4 7.d4 cxd4 8.Nxd4 Nf6
9.Re1 Qg4 10.Qa4+ Qd7 11.Nb5 Nc6 12.N1c3 Rc8 13.Bf4 Kd8 14.Rad1 a6 15.Na3 Nb8
16.Qb3 Qc6 17.c5 Qxc5 18.Qxb7 Qc6 19.Qb3 e6 20.Qb4 Nbd7 21.Bxd6 Rb8 22.Qa5+ Qb6
23.Qxb6+ Rxb6 24.Nc4 Rb7 25.Ne5 Ke8 26.Nc4 Kd8 27.Rd2 Be7 28.Red1 Ke8 29.b3 Nb6
30.Na5 Rd7 31.Nc6 Bxd6 32.Rxd6 Nfd5 33.Ne4 Rf8 34.Ne5 Rxd6 35.Nxd6+ Ke7 36.Ndc4 Rc8
37.g3 f6 38.Nxb6 Nxb6 39.Nd3 Nd5 40.Rd2 Rc3  1/2-1/2